[Event "Marienbad GM-I 2022"]
[Site "Marianske Lazne"]
[Date "2022.01.17"]
[Round "3.2"]
[White "Simacek, Pavel"]
[Black "Stalmach, Richard"]
[Result "1-0"]
[WhiteElo "2448"]
[BlackElo "2301"]
[Annotator "TA"]
[PlyCount "83"]
[EventDate "2022.01.15"]
[EventType "tourn"]
[EventCountry "CZE"]
[SourceTitle "playchess.com"]
[Source "ChessBase"]
[SourceQuality "1"]

{[%evp 20,83,6,15,35,34,41,35,35,24,27,12,32,46,68,91,124,122,125,124,125,121,241,245,241,183,184,176,166,159,157,170,156,169,155,159,174,140,134,131,174,168,179,169,175,147,172,170,191,198,314,312,527,512,540,543,507,447,442,434,550,564,547,535,555,531]} 1. d4 d5 2. c4 c6 3. Nf3 Nf6 4. e3 {[%cal Be2e3,Be3e4,Be4d5][%mdl 32]} e6 5. Nbd2 Nbd7 6. Bd3 Bd6 7. e4 e5 8. cxd5 cxd5 9. exd5 O-O 10. O-O exd4 11. Ne4 Qb6 {D30: Queen's Gambit Declined: Systems without Nc3.} 12. Nxd6 Qxd6 13. Nxd4 {[%cal Bf3d4,Bd4b5,Bb5d6][%mdl 32]} Qxd5 {White is slightly better.} 14. Nb5 {[#] Nc7 is the strong threat.} Ne5 15. Be2 {[#]} Bf5 $146 ({Predecessor:} 15... Qe4 16. Nd6 Qh4 17. Nxc8 Raxc8 18. Qb3 Qe4 19. Re1 Rfe8 20. Bg5 h6 21. Bxf6 gxf6 22. Bb5 {1-0 (22) Mateus,A (2327)-Ruiz Aguilar,P (2158) Medellin 2018}) 16. Bg5 Qxd1 17. Rfxd1 Ned7 18. Nd6 {[%csl LRb7,LRf5]} Be6 19. Bf3 {Inhibits Bd5.} ({Don't take} 19. Nxb7 $6 Rab8 $14) 19... Rab8 20. Bf4 {Inhibits Ne5. aiming for Nb5. White is more active. A strong pair of Bishops.} ({Don't play} 20. Nxb7 $6 Ne5 21. Bxf6 Nxf3+ 22. gxf3 gxf6 $11) 20... b6 {[#]} (20... Bg4 $16) 21. Nb5 $1 $18 {[%csl LRa7,LRb8]} Rbc8 22. Nxa7 Rc2 23. b3 Nc5 24. Nb5 Bg4 25. Nd4 Bxf3 26. Nxc2 Bxd1 27. Rxd1 Nfe4 28. Be5 {Inhibits Nc3.} f6 29. Bb2 Re8 (29... Ra8 $16) 30. f3 Ng5 31. Kf2 {Inhibits Re2+.} Nge6 32. Bc1 {Prevents Nf4.} Nc7 33. Nb4 Ra8 34. Be3 Nb5 (34... N7a6 {was called for.}) 35. Rc1 Nd7 $2 (35... Rc8 {is a better defense.} 36. Bxc5 bxc5) 36. a4 {White is clearly winning.} Na7 37. Rc7 Ne5 38. Ke2 Nc8 39. Nd5 Nd6 40. Nxb6 Re8 41. Kd2 Nf5 42. Rc8 {To avoid Rd8+.  Weighted Error Value: White=0.07 (flawless) /Black=0.27 (precise)} 1-0

[Event "Marienbad GM-I 2022"]
[Site "Marianske Lazne"]
[Date "2022.01.17"]
[Round "3.3"]
[White "Czerw, Dawid"]
[Black "Mirzoev, Azer"]
[Result "1/2-1/2"]
[WhiteElo "2396"]
[BlackElo "2420"]
[Annotator "TA"]
[PlyCount "156"]
[EventDate "2022.01.15"]
[EventType "tourn"]
[EventCountry "CZE"]
[SourceTitle "playchess.com"]
[Source "ChessBase"]
[SourceQuality "1"]

{[%evp 22,156,67,64,70,60,56,51,55,50,39,16,23,0,0,0,5,4,4,4,4,4,5,5,5,6,11,0,0,0,0,0,0,0,25,25,32,33,25,27,27,30,190,189,785,156,418,101,94,94,94,94,94,94,94,94,94,93,93,93,93,93,93,93,93,93,93,93,93,93,93,93,93,93,93,93,93,93,93,93,93,93,93,93,93,93,93,0,93,93,93,93,93,93,93,93,93,93,93,93,93,93,93,93,93,93,93,93,93,93,93,93,93,93,93,0,0,0,0,0,0,0,0,0,0,0,0,0,0,0,0,0,0,0,0,0,6]} 1. d4 d5 2. c4 dxc4 3. Nf3 Nf6 4. e3 Bg4 5. Bxc4 e6 6. Nc3 a6 7. h3 Bh5 8. g4 Bg6 9. Ne5 Nbd7 10. Nxg6 hxg6 11. Bf1 c5 12. Bg2 Rb8 {[#] D22: Queen's Gambit Accepted: 3 Nf3 a6 4 e3.} 13. dxc5 $146 ({Predecessor:} 13. O-O Qc7 14. f4 cxd4 15. exd4 Bd6 16. Be3 Rd8 17. Rc1 Qb8 18. Qf3 Ke7 19. g5 Ne8 20. d5 e5 21. f5 Bc5 22. Bxc5+ Nxc5 23. d6+ Kf8 24. fxg6 f6 25. Qd5 {1-0 (25) Jaworski,M (2363)-Wesolowska,H (2044) Pszczyna 2009}) 13... Bxc5 14. g5 Ng8 {[%cal Bf6g8,Bg8e7,Be7f5][%mdl 32] White is slightly better.} 15. Ne4 Ne7 16. Bd2 {Threatening Rc1.} Nf5 17. Bc3 Be7 18. h4 Rxh4 19. Rxh4 Nxh4 20. Qg4 Nxg2+ 21. Qxg2 Nc5 22. Nxc5 Bxc5 23. Qh2 {[#] Threatens to win with Rd1.} Qd6 24. Be5 {[%mdl 1024] White has compensation.} Bb4+ 25. Kf1 Qd3+ 26. Kg1 Rd8 27. Qh8+ Kd7 (27... Ke7 $5 {[%cal Rd8h8]} 28. Qxg7 Qe2 $11) 28. Qxg7 Rf8 29. Rc1 $36 {[%mdl 2048] Hoping for Rc7+. White fights for an advantage.} Bd6 {Prevents Rc7+.} 30. Bxd6 Qxd6 $11 {[%mdl 4096] Endgame KQR-KQR} 31. Qf6 Qd5 {To avoid Qf3} (31... Qd2 $11 32. Rb1 Qd5) 32. Qf4 $18 {Black must now prevent Qc7+.} e5 $2 (32... Qd6) 33. Qa4+ $2 (33. Qg4+ $18 {and the rest is easy.} Qe6 34. Qd1+ Ke8 35. Qa4+ (35. Rc7 Rh8 $16) 35... Kd8 36. Qa5+ Ke8 37. Qc7) 33... Qb5 $2 (33... Ke6 $16 {keeps fighting.}) 34. Qxb5+ $2 ({Weaker is} 34. Qc2 Rd8 $16) (34. Qd1+ $18 {has better winning chances.} Ke6 35. Qg4+ Kd6 36. e4) 34... axb5 {KR-KR} 35. Rc5 {[%csl LRb5,LRe5]} Ra8 36. Rxb5 Rxa2 37. Rxb7+ Ke6 38. Kg2 e4 39. Kg3 Ra5 40. Rb6+ Ke7 41. Kg4 Rf5 {[#]} 42. Rf6 $1 Rb5 (42... Rxf6 $2 43. gxf6+ Kxf6 44. Kf4 $18) 43. Rf4 Rxb2 44. Rxe4+ Kf8 45. f3 Rb1 46. Ra4 Rb3 47. Kf4 Kg7 48. e4 Rc3 49. Ra7 Rb3 50. Kg4 Rb1 51. Ra3 Rb4 52. Rd3 Ra4 53. Kf4 Ra5 54. Kg4 (54. Rb3 $16) 54... Ra1 (54... Ra4 $1 $11 {keeps the balance.}) 55. f4 Rg1+ 56. Kf3 Rf1+ 57. Ke3 Re1+ 58. Kd4 Rf1 59. Ke5 Re1 60. Rf3 Re2 61. Rf1 Re3 62. Kd4 Re2 63. Kd3 Rg2 64. Ke3 Rg3+ 65. Kf2 Rh3 66. Re1 Ra3 67. Re3 Ra1 68. f5 (68. Rb3 $16) 68... gxf5 $11 {The position is equal.} 69. exf5 Ra5 70. Rf3 Ra1 71. Kg3 Rg1+ 72. Kf4 Ra1 73. Kg4 Rg1+ 74. Rg3 Ra1 75. Rh3 Rg1+ 76. Kh5 f6 77. gxf6+ Kxf6 78. Ra3 Ke5 {Black escapes into a draw.  Weighted Error Value: White=0.29 (precise) /Black=0.17 (very precise)} 1/2-1/2

[Event "Marienbad GM-I 2022"]
[Site "Marianske Lazne"]
[Date "2022.01.17"]
[Round "3.4"]
[White "Gungl, Theo"]
[Black "Nemec, Jachym"]
[Result "1-0"]
[WhiteElo "2368"]
[BlackElo "2402"]
[Annotator "TA"]
[PlyCount "79"]
[EventDate "2022.01.15"]
[EventType "tourn"]
[EventCountry "CZE"]
[SourceTitle "playchess.com"]
[Source "ChessBase"]
[SourceQuality "1"]

{[%evp 11,79,27,11,16,23,3,37,10,25,29,22,24,20,18,18,12,14,18,14,-18,0,-52,-43,-47,-39,-49,-16,-11,74,51,181,183,162,165,183,136,136,144,135,139,128,16,24,0,0,3,143,32,41,27,778,775,787,779,741,738,2400,1705,1210,1170,5611,5632,5583,5583,5118,5093,2674,2139,5090,4706]} 1. e4 c5 2. Nf3 d6 3. d4 cxd4 4. Nxd4 Nf6 5. Nc3 a6 6. Bg5 Nbd7 7. Qe2 {B94: Sicilian Najdorf: 6 Bg5 Nbd7.} h6 8. Bh4 g6 9. f4 {Black should prevent e5. White is slightly better.} e5 10. fxe5 dxe5 {[#]} 11. O-O-O $1 Qc7 (11... exd4 12. e5 $1 Bc5 13. exf6+ Kf8 14. Ne4 $16) 12. Nb3 b5 {[%cal Bb7b5,Bb5b4][%mdl 32]} 13. Qf3 {13.Rxd7 gains popularity.} Bg7 14. g4 Bb7 15. Bd3 O-O (15... b4 $5 {[%cal Rb4c3]} 16. Nd5 Nxd5 17. exd5 a5 $11) 16. Rhf1 (16. a3 $11) 16... b4 $1 $15 {[#]} 17. Nd5 $146 ({Predecessor:} 17. Na4 Qc6 18. Nac5 Nxc5 19. Nxc5 Qxc5 20. Bxf6 Bxf6 21. Qxf6 Bc8 22. Kb1 Bxg4 23. Rd2 {½-½ (77) Bashirli,N (2369)-Eynullayev,A (2274) Baku 2017}) 17... Nxd5 18. exd5 Qd6 {Inhibits Be7.} 19. Na5 Nc5 (19... Bxd5 $11 20. Bc4 e4 $1 21. Qxe4 (21. Rxd5 Qxd5 22. Bxd5 exf3 $15) 21... Bxe4 22. Rxd6 Ne5) 20. Be4 Rae8 (20... Rac8 $14) 21. Be1 $18 Bc8 22. Bxb4 Nd3+ 23. Qxd3 (23. Bxd3 Qxb4 24. Nc6 Qxg4 25. Qxg4 Bxg4 $11) ({White should try} 23. Rxd3 $18 Qxb4 24. Nc6) 23... Qxb4 $16 24. Nc6 Qa4 25. d6 {Strongly threatening Ne7+.} Bxg4 {[#]} 26. Ne7+ (26. Kb1 $1 $16) 26... Kh8 $1 $11 27. Bc6 $36 {[%mdl 2048] White has good play.} ({Not} 27. Rxf7 $2 Rxf7 28. Nxg6+ Kg8 $19) (27. Kb1 $5 {[%cal Re4c6]} Rb8 28. c4 $11) 27... Qxa2 {[%cal Og7f6] Hoping for ...Bf6!} 28. Bxe8 Rxe8 {[#]} (28... h5 $1 $11 {keeps the balance.} 29. Qa3 (29. Nxg6+ fxg6 30. Rxf8+ Bxf8 $17) 29... Bh6+ 30. Rd2 Qxa3 31. bxa3 Rxe8 32. Rxf7 e4) 29. Qd5 {Really sharp!} (29. Qa3 $1 $16 {[%cal Ra3a2]} Qc4 30. b3) 29... Qa1+ $14 30. Kd2 Qxb2 {[%mdl 8192]} (30... Bxd1 $11 31. d7 Rd8 32. Rxd1 (32. Nc6 Qxb2 33. Kxd1 Qb1+ 34. Ke2 Qxc2+ 35. Ke3 Rxd7 $11) 32... Qxb2) 31. Rb1 $18 {Active counter play! White is clearly winning.} Qa3 32. Rb3 Qa4 33. Rxf7 e4 34. Nxg6+ Kh7 35. Ne7 {Qe5 would kill now.} Rd8 36. Qe5 {[%csl Gf7][%cal Re5g7]} Rxd6+ 37. Qxd6 Qa5+ 38. Rb4 {White wants to mate with Qg6+.} Qg5+ 39. Qf4 e3+ 40. Qxe3 {Weighted Error Value: White=0.25 (precise) /Black=0.32} 1-0

[Event "Marienbad GM-I 2022"]
[Site "Marianske Lazne"]
[Date "2022.01.17"]
[Round "3.5"]
[White "Lim, Zhuo Ren"]
[Black "Plat, Vojtech"]
[Result "0-1"]
[WhiteElo "2311"]
[BlackElo "2546"]
[Annotator "TA"]
[PlyCount "64"]
[EventDate "2022.01.15"]
[EventType "tourn"]
[EventCountry "CZE"]
[SourceTitle "playchess.com"]
[Source "ChessBase"]
[SourceQuality "1"]

{[%evp 12,64,22,0,47,0,31,0,22,-13,-14,-25,-10,-23,-12,-20,-22,-4,-3,-9,-7,0,-8,-40,-37,-32,0,-16,-15,-139,-144,-144,-142,-140,-145,-133,-134,-154,-115,-185,-176,-200,-164,-252,-250,-748,-822,-29990,-29991,-29991,-29992,-29992,-29993,-29993,-29994]} 1. c4 g6 2. Nc3 Bg7 3. Nf3 e5 4. d4 exd4 5. Nxd4 Nc6 6. Nxc6 bxc6 7. e4 Ne7 {A27: English Opening: Three Knights Variation.} (7... Rb8 $11) 8. Be2 (8. Be3 $14 {might be stronger.}) 8... O-O 9. O-O d6 {The position is equal.} 10. c5 d5 {[#]} 11. Bg5 $146 ({Predecessor:} 11. exd5 Nxd5 12. Ne4 Rb8 13. Bf3 Re8 14. Re1 h6 15. h3 Be6 16. a3 Qh4 17. Qc2 {0-1 (39) Diaz Perez,M (2459)-Sviridov,V (2558) Chess.com INT 2020}) 11... h6 12. Bxe7 Qxe7 13. exd5 Qxc5 14. dxc6 Rb8 15. Rc1 {[%cal Ob2b3]} Be6 16. Na4 Qg5 {White must now prevent ...Rbd8.} 17. Rc5 (17. Bc4 $5 {[%cal Rc4e6]}) 17... Qe7 18. b3 Rfd8 19. Qe1 {[%cal Oe2g4]} Bd4 {This bishop pair is nice.} 20. Rb5 {[#]} (20. Rc1 $11) 20... Rxb5 $1 $17 21. Bxb5 Qg5 $36 {[%mdl 2048] Black has strong initiative.} 22. Bc4 Bxc4 {Black is more active.} 23. bxc4 Qf6 24. Qe2 Qxc6 25. Qc2 (25. Nb2 $17) 25... Qf6 $19 26. Rb1 Rd6 {Hoping for ...Re6.} 27. h3 (27. Re1 $142) 27... Ra6 28. Rb5 $2 {[#]} (28. c5) 28... Rxa4 $1 {[%mdl 512]} 29. Qxa4 (29. Rb1 Qa6) 29... Qxf2+ {Black mates.} 30. Kh2 Qf4+ 31. Kh1 Qf1+ 32. Kh2 Bg1+ {Weighted Error Value: White=0.79/Black=0.08 (flawless)} 0-1

[Event "Marienbad GM-I 2022"]
[Site "Marianske Lazne"]
[Date "2022.01.18"]
[Round "4.1"]
[White "Noe, Christopher"]
[Black "Plat, Vojtech"]
[Result "1/2-1/2"]
[WhiteElo "2529"]
[BlackElo "2546"]
[Annotator "TA"]
[PlyCount "85"]
[EventDate "2022.01.15"]
[EventType "tourn"]
[EventCountry "CZE"]
[SourceTitle "playchess.com"]
[Source "ChessBase"]
[SourceQuality "1"]

{[%evp 21,85,28,41,16,37,26,16,-5,1,10,20,-36,69,68,79,79,71,53,85,39,109,89,108,113,162,170,171,164,165,156,166,146,160,164,175,138,111,115,188,98,107,101,112,79,113,47,81,52,130,137,141,128,247,266,244,160,208,0,210,0,0,0,0,0,0,0]} 1. d4 g6 2. c4 Nf6 3. f3 c5 4. d5 d6 5. e4 Bg7 6. Nc3 O-O 7. Nge2 a6 8. a4 e6 9. Ng3 exd5 10. cxd5 Nbd7 11. Be2 h5 12. O-O {A65: Modern Benoni: 6 e4.} h4 13. Nh1 Nh5 14. Be3 {Prevents Bd4.} f5 {And now ...f4 would win.} 15. f4 Qe8 16. Nf2 {[#]} ({Better is} 16. Qe1 $1 $11) 16... Ndf6 $146 (16... fxe4 $15 17. Ncxe4 Ndf6 18. Nxf6+ Nxf6) ({Predecessor:} 16... Nhf6 17. Bf3 Nxe4 18. Nfxe4 fxe4 19. Nxe4 Nf6 20. Nxf6+ Bxf6 21. Re1 Qf7 22. Qd2 Bf5 {½-½ (40) Watzlawek,M (2097)-Syrov,A (2303) Neustadt an der Weinstrasse 2019}) 17. e5 $1 $14 dxe5 18. fxe5 (18. Bxc5 Nxf4 19. Bc4 Rf7 $15) 18... Qxe5 19. Bxc5 Re8 20. Bf3 (20. Nd3 $16 Qb8 21. a5) 20... Qc7 (20... Bf8 $14 21. Bxf8 Kxf8) 21. Nd3 $16 Bf8 22. Bxf8 Kxf8 (22... Rxf8 $16 23. a5 Qd6) 23. Qb3 $18 Qd6 24. Qc4 $1 {Prevents Nf4.} h3 25. gxh3 Bd7 26. Qd4 {Prevents Qb6.} Kg8 27. Kh1 Re7 28. Qc5 Qxc5 29. Nxc5 Rb8 (29... Re5 $16) 30. Rae1 ({White should play} 30. d6 $18 Rh7 31. b4 (31. Bxb7 Rxb7 32. Nxb7 Bc6+ 33. Kg1 Rxb7 $17)) 30... Rh7 31. Bg2 {[%cal Bf3g2,Bg2f1,Bf1c4,Bc4d5][%mdl 32]} Rc8 32. Nxb7 Rc4 33. Rf2 ({White should try} 33. Rd1 $1 $16) 33... Nf4 $1 $14 {Hoping for ...Nd3.} 34. Bf1 {Prevents Nd3.} Nxh3 35. Bxc4 $16 (35. Rg2 $6 Rc7 36. Nd8 (36. Bxa6 Nf4 $15) (36. Rxg6+ Kf7 $11) 36... Ng4 $11) 35... Nxf2+ 36. Kg1 N6g4 (36... Nh3+ $16 37. Kf1 Kf8) 37. d6+ (37. Bxa6 Nh3+ 38. Kf1 Nf4 $11) 37... Kh8 38. Re7 {Active counter play!} (38. Bxa6 Rxh2 39. Kf1 Nh3 $11) 38... Rxh2 (38... Nh3+ $16 {was necessary.} 39. Kg2 (39. Kf1 Rxe7 40. dxe7 Ne3+ 41. Ke2 Nxc4 $11) 39... Nf4+ 40. Kg3 g5 41. Rxh7+ Kxh7) 39. Bd5 $2 ({Don't play} 39. Rxd7 Nh3+ 40. Kf1 Ne3+ 41. Ke1 Nxc4) (39. Bxa6 $2 Rh1+ 40. Kg2 Bc6+ 41. Ne4 Rh2+ 42. Kf1 Nxe4 $19) (39. Nc5 $18 Bc6 40. Kf1 (40. Bd5 Bxd5 41. Nxd5 Nh3+ 42. Kf1 Rd2 $18)) 39... Nh3+ $11 40. Kf1 Nf4 $1 {aiming for ...Rf2+. The position is equal.} 41. Nc5 {Black must now prevent Ke1.} (41. Rxd7 $2 {gets mated.} Rf2+ 42. Kg1 Nh3+ 43. Kh1 Rh2#) 41... Nxd5 42. Nxd5 {Strongly threatening Ke1.} Rd2 $1 43. Rxd7 {Weighted Error Value: White=0.22 (precise) /Black=0.21 (precise)} 1/2-1/2

[Event "Marienbad GM-I 2022"]
[Site "Marianske Lazne"]
[Date "2022.01.18"]
[Round "4.2"]
[White "Nemec, Jachym"]
[Black "Lim, Zhuo Ren"]
[Result "0-1"]
[WhiteElo "2402"]
[BlackElo "2311"]
[Annotator "TA"]
[PlyCount "92"]
[EventDate "2022.01.15"]
[EventType "tourn"]
[EventCountry "CZE"]
[SourceTitle "playchess.com"]
[Source "ChessBase"]
[SourceQuality "1"]

{[%evp 23,92,-2,0,0,0,0,0,0,0,0,0,0,0,0,-9,-143,-89,-81,-98,-87,-46,-110,-95,-105,-102,-212,-66,-68,-50,-192,-93,-168,-150,-218,-75,-361,-352,-315,-336,-456,-472,-464,-467,-461,-472,-474,-486,-592,-598,-491,-551,-470,0,-404,-182,-637,-578,-710,-711,-577,-553,-1020,-991,-954,-926,-1009,-1040,-1001,-928,-1065,-987]} 1. d4 Nf6 2. c4 e6 3. Nc3 Bb4 4. e3 O-O 5. Bd3 d5 6. Nf3 dxc4 7. Bxc4 c5 8. O-O Nc6 9. a3 Ba5 10. Qd3 a6 11. Rd1 b5 12. Ba2 c4 13. Qe2 {E56: Nimzo-Indian: Rubinstein: Main Line: 7...Nc6.} Qe8 14. e4 e5 {next ...Bg4 is good for Black.} 15. d5 {The position is equal.} Nd4 16. Nxd4 exd4 17. Rxd4 Bb6 18. Be3 {Hoping for Rd2.} Ng4 $1 {[#]} 19. Rd2 $146 {[#]} (19. e5 $11) ({Predecessor:} 19. e5 Qxe5 20. Rxg4 Bxg4 21. Qxg4 Bxe3 22. fxe3 Qxe3+ 23. Kf1 Rae8 24. Rd1 Re6 25. dxe6 fxe6+ 26. Qf3 Rxf3+ 27. gxf3 Qxf3+ 28. Kg1 Qg4+ 29. Kf2 Qf4+ 30. Kg2 Qg4+ {½-½ (30) Knaak,R (2495)-Lechtynsky,J (2455) Halle/Saale 1981}) 19... Bxe3 (19... Qe5 $142 $1 {[%cal Re5h2]} 20. g3 Nxe3 21. fxe3 f5) 20. fxe3 $17 Qe5 21. g3 Qg5 $40 {[%mdl 128] White needs to defend precisely.} (21... Qd6 $17) 22. Nd1 ({Better is} 22. Rf1 $1 $15) 22... h5 {Black is more active.} 23. Nf2 Ne5 24. b3 {[#]} (24. Kh1 $17) 24... Bg4 (24... c3 $1 $19 {[%cal Rc3d2]} 25. Rc2 a5 26. Rxc3 b4 27. axb4 h4) 25. Nxg4 $15 hxg4 26. Rdd1 (26. bxc4 $15 Nf3+ 27. Kh1) 26... c3 (26... Nf3+ $19 {is more deadly.} 27. Kg2 (27. Kh1 Rae8 $17) 27... c3) 27. b4 (27. Rac1 $17) 27... Nf3+ {[%mdl 1024] Black has strong compensation.} 28. Kh1 {[#]} (28. Kg2 $17 {was worth a try.}) 28... Qe5 (28... Rfd8 $1 $19 {[%cal Rd8d6] And now ...Rd6 would win.} 29. Rac1 Rd6) 29. Bb1 $2 {[%mdl 8192]} (29. d6 $17 {only move.}) 29... Rfd8 $19 30. Bc2 Rd6 31. Rg1 {[#]} Nxh2 {[%mdl 512]} 32. Qxh2 ({Avoid the trap} 32. Kxh2 $2 Qh5+ 33. Kg2 Qh3+ 34. Kf2 Qh2+ 35. Ke1 Qxg1+ 36. Qf1 Qxe3+ 37. Qe2 Qxg3+ 38. Qf2 Qh3) 32... Rh6 33. Qxh6 gxh6 34. Raf1 Qg5 35. Rf4 a5 36. bxa5 Rxa5 {White must now prevent ...Qh5+.} 37. d6 Qg6 $2 (37... Rxa3 $19 {( -> ...Qh5+)} 38. Rd1 Qh5+ 39. Kg1 Ra8) 38. Rd1 $2 {[%mdl 8192]} (38. d7 $1 $11 {and White stays safe.} Ra8 39. Bb3) 38... Ra8 (38... Qh5+ $142 39. Kg1 Ra8) 39. d7 $2 (39. Kg2) 39... Rd8 {...Qh5+ is the strong threat. Black is clearly winning.} 40. Bb3 Qh5+ 41. Kg1 Qh3 42. Rxf7 Qxg3+ 43. Kf1 Kh8 44. Ke2 Qg2+ 45. Rf2 Qxe4 {Strongly threatening ...c2.} 46. Rd6 c2 {Weighted Error Value: White=1.10/Black=0.33} 0-1

[Event "Marienbad GM-I 2022"]
[Site "Marianske Lazne"]
[Date "2022.01.18"]
[Round "4.3"]
[White "Mirzoev, Azer"]
[Black "Gungl, Theo"]
[Result "1/2-1/2"]
[WhiteElo "2420"]
[BlackElo "2368"]
[Annotator "TA"]
[PlyCount "68"]
[EventDate "2022.01.15"]
[EventType "tourn"]
[EventCountry "CZE"]
[SourceTitle "playchess.com"]
[Source "ChessBase"]
[SourceQuality "1"]

{[%evp 10,68,9,0,2,7,8,8,13,9,18,11,7,10,19,12,47,32,43,22,16,14,15,14,22,8,8,7,10,0,0,0,0,0,9,0,0,0,0,0,0,0,0,-24,0,-5,0,-5,-5,-33,-33,-33,-33,-33,-33,-33,-33,-33,-33,-63,-48]} 1. d4 d5 2. c4 c6 3. Nf3 Nf6 4. Qc2 dxc4 5. Qxc4 Bg4 6. Nbd2 Nbd7 {D23: Queen's Gambit Accepted: 3 Nf3 Nf6 sidelines.} 7. g3 e6 8. Bg2 Be7 {The position is equal.} 9. O-O {[%cal Bh1f1,Bf1c1,Bc1c4][%mdl 32]} Bh5 10. Qb3 Qb6 11. Nc4 Qa6 12. Bd2 O-O 13. Rfc1 {[#]} Nb6 $146 ({Predecessor:} 13... Rfd8 14. a4 Nb6 15. Nce5 Nbd7 16. Nc4 Nb6 17. Nce5 Nbd7 18. Nc4 {½-½ (18) Raznikov,D (2465)-Agrest,E (2614) Eilat 2012}) 14. e3 (14. Na5 {feels hotter.} Qxe2 15. Re1 Qb5 16. Qxb5 cxb5 17. Ne5) 14... Nxc4 15. Qxc4 Qxc4 16. Rxc4 Rfd8 17. Ne5 Nd7 {[%cal Bf6d7,Bd7e5,Be5c4,Bc4d2,Bd2f3][%mdl 32] [#] Strongly threatening ...Nxe5.} 18. Ba5 {[%cal Bd2a5,Ba5d8,Bd8e7,Be7d6,Bd6c7][%mdl 32]} Nxe5 19. Bxd8 Nxc4 20. Bxe7 a5 21. Rc1 Nd2 22. h4 f5 23. Bd6 h6 24. Bc7 a4 25. Rc5 Nf3+ 26. Kh1 Ne1 27. a3 Be2 28. Kg1 Nf3+ 29. Kh1 (29. Bxf3 $5 Bxf3 30. Be5 $11) 29... g5 {Black is slightly better.} 30. Ra5 Rxa5 31. Bxa5 gxh4 32. Bxf3 Bxf3+ 33. Kh2 hxg3+ 34. fxg3 Kf7 {Weighted Error Value: White=0.07 (flawless) /Black=0.03 (flawless)} 1/2-1/2

[Event "Marienbad GM-I 2022"]
[Site "Marianske Lazne"]
[Date "2022.01.18"]
[Round "4.4"]
[White "Stalmach, Richard"]
[Black "Czerw, Dawid"]
[Result "1/2-1/2"]
[WhiteElo "2301"]
[BlackElo "2396"]
[Annotator "TA"]
[PlyCount "90"]
[EventDate "2022.01.15"]
[EventType "tourn"]
[EventCountry "CZE"]
[SourceTitle "playchess.com"]
[Source "ChessBase"]
[SourceQuality "1"]

{[%evp 9,90,0,51,48,42,40,58,31,46,6,11,14,13,-11,0,0,0,-42,-43,0,0,-109,-26,-37,0,0,0,-18,31,-14,-22,-70,197,194,217,217,411,389,372,-129,-136,-229,230,-515,-490,-516,0,0,0,0,0,-3,-40,-242,0,-23,-31,-19,-43,-56,-38,-45,0,0,0,0,0,0,0,0,0,0,0,0,0,-8,0,0,0,0,0,0,0]} 1. d4 Nf6 2. c4 e6 3. Nf3 d5 4. Nc3 dxc4 5. e4 {[%cal Be2e4,Be4e5][%mdl 32]} b5 (5... Bb4 $11) 6. e5 $14 {D24: Queen's Gambit Accepted: 3 Nf3 Nf6 4 Nc3.} Nd5 7. Nxb5 Nb6 8. Be3 {White is slightly better.} Nc6 9. Rc1 Bb4+ 10. Nc3 {[#]} O-O $146 ({Predecessor:} 10... Bb7 11. a3 Be7 12. Be2 O-O 13. O-O Na5 14. Nd2 Qd7 15. Bf3 Bd5 16. Bxd5 exd5 {1-0 (36) Ponkratov,P (2625)-Goltseva,E (2306) Chess.com INT 2020}) 11. h4 Bb7 12. h5 h6 13. a3 (13. Rh3 $11 {is more appropriate.}) 13... Ba5 $15 14. Rh3 (14. Nh4 $15) 14... Ne7 $1 $11 15. g4 {Inhibits Nf5.} (15. Nh4 $11) 15... Ned5 (15... Rb8 $17 {White must now prevent ...Bxf3.} 16. g5 Nf5 17. gxh6 gxh6) 16. Bd2 Nxc3 (16... f6 $5 {[%cal Rf6e5]}) 17. bxc3 f6 {Inhibits g5.} 18. Be2 Bd5 (18... Be4 $11) 19. Rg3 (19. exf6 $14 Qxf6 20. Qc2) 19... Nd7 20. Qc2 (20. Qa4 $11 c5 21. Bxc4) 20... fxe5 $2 {[%mdl 8192]} (20... c5 $1 $15 {stays ahead.}) 21. g5 $1 $18 {[%cal Bg4g5,Bg5h6][%mdl 32]} exd4 {Strongly threatening ...d3.} 22. gxh6 d3 $2 {[#]} (22... Rf7) 23. Bxd3 $1 {[%mdl 512]} cxd3 (23... Rxf3 $2 24. Bh7+ Kf7 25. Rxf3+ Nf6 26. Bg5 $1 $18 {[%mdl 512]}) 24. Qxd3 (24. Rxg7+ $18 Kh8 25. Qxd3) 24... Rf7 $1 $17 {aiming for ...Bb6.} (24... Rxf3 25. Rxg7+ Kf8 26. Qh7 Ke8 27. Qg6+ Kf8 28. h7) 25. Bg5 {[#]} (25. Rxg7+ $2 Rxg7 26. hxg7 Nc5 $19) (25. Qg6 $17 {might work better.} Qf6 26. Qxf6 Nxf6 27. Ne5 Nxh5 28. h7+ Kxh7 29. Nxf7 Nxg3 30. fxg3) 25... Nc5 $4 {[%mdl 8192]} 26. Qe3 {[%mdl 8192]} (26. Qg6 $1 $18 Qf8 27. Ne5) 26... Qd6 $19 27. Ne5 {[#]} Rf5 (27... Nd3+ $1 $19 {[%mdl 512]} 28. Qxd3 (28. Nxd3 $2 Bb6 $19) 28... Qxe5+ 29. Be3 Bb6) 28. Bf4 $11 Rxe5 $1 29. Bxe5 {Chess con chili.} ({Don't go for} 29. Rxg7+ $2 Kh8 30. Bxe5 {[#]} Qxe5 $3 {[%mdl 512]} 31. Qxe5 (31. Rh7+ $2 Kxh7 32. Qxe5 Nd3+ 33. Ke2 Nxe5 $19) 31... Nd3+ 32. Ke2 Nxe5 $19) 29... Nd3+ $1 30. Qxd3 Qxe5+ 31. Kf1 $2 (31. Qe3 $1 $15 Qxe3+ 32. fxe3) 31... Qe4 $2 (31... Qxh5 $19 32. Qg6 (32. Rxg7+ $2 Kf8 $19) 32... Qxg6 33. Rxg6 Kh7 34. Rxg7+ Kxh6) 32. Rxg7+ Kh8 $1 33. Qxe4 Bxe4 34. Re7 Bf5 {[%mdl 1024] Black has compensation.} 35. Ke2 Rf8 (35... Rd8 $15 {should be considered.}) 36. f3 {The position is equal.} Bb6 37. c4 Bc5 38. Rxc7 Bxa3 39. Ra1 Bb2 {This bishop pair is nice.} 40. Raxa7 {Threatens to win with Rd7.} Bd4 $1 41. Ra2 Rg8 {( -> ...Rg2+)} 42. Rd2 Rg2+ 43. Kd1 Rg1+ 44. Ke2 Rg2+ 45. Kd1 Rg1+ {Weighted Error Value: White=0.49/Black=0.53} 1/2-1/2